LEADER 00947nam a22002531i 4500 001 991001078539707536 005 20021116173519.0 008 021116s1985 it |||||||||||||||||ita 035 $ab12096817-39ule_inst 035 $aARCHE-018661$9ExL 040 $aDip.to Filologia Ling. e Lett.$bita$cA.t.i. Arché s.c.r.l. Pandora Sicilia s.r.l. 082 04$a853.8 100 1 $aToppetta, Roberto$0289430 245 10$aMario Pratesi :$bl'alba inquieta di Tozzi e Pratolini /$cRoberto Toppetta 260 $aRoma :$bBulzoni,$c1985 300 $a239 p. ;$c21 cm 490 0 $aBiblioteca di cultura [Bulzoni] ;$v294 650 4$aPratesi, Mario 907 $a.b12096817$b28-04-17$c01-04-03 912 $a991001078539707536 945 $aLE008 LLI.S M VIII 32$g1$i2008000289461$lle008$o-$pE0.00$q-$rl$s- $t0$u0$v0$w0$x0$y.i12398524$z01-04-03 996 $aMario Pratesi$9139587 997 $aUNISALENTO 998 $ale008$b01-04-03$cm$da $e-$fita$git $h0$i1